00526 2200205 4500001002100000005001500021035002000036007000300056008004100059020001800100082000800118084001400126100002200140245004700162250001100209260004700220300002700267650001400294990001200308INLIS00000000000606320200902020257 a0010-0920000005ta200902 g 0 ind  a9789792438208 a613 a613 ROI y0 aROIZEN, Michael F1 aYou The Owner's Manual /cMichael F.Roizen aCet. 1 aYogyakarta :bPerpustakaan Nasional,c2007 axiv,382 hlm ;c23,5 cm 4aKESEHATAN a10530 a